|
|
|
|
| LEADER |
01509nam a2200385Ia 4500 |
| 001 |
EBC459599 |
| 003 |
MiAaPQ |
| 005 |
20200520144314.0 |
| 006 |
m o d | |
| 007 |
cr cn||||||||| |
| 008 |
051121s2006 dcua sb 000 0 eng d |
| 010 |
|
|
|z 2005058108
|
| 020 |
|
|
|z 0821365177
|
| 035 |
|
|
|a (MiAaPQ)EBC459599
|
| 035 |
|
|
|a (Au-PeEL)EBL459599
|
| 035 |
|
|
|a (CaPaEBR)ebr10103937
|
| 035 |
|
|
|a (CaONFJC)MIL28225
|
| 035 |
|
|
|a (OCoLC)935270950
|
| 040 |
|
|
|a MiAaPQ
|c MiAaPQ
|d MiAaPQ
|
| 050 |
|
4 |
|a HD1699.K4
|b C65 2006
|
| 082 |
0 |
4 |
|a 333.910096762
|2 22
|
| 245 |
0 |
0 |
|a Climate variability and water resources degradation in Kenya
|h [electronic resource] :
|b improving water resources development and management /
|c Hezron Mogaka ... [et al.].
|
| 260 |
|
|
|a Washington, D.C. :
|b World Bank,
|c 2006.
|
| 300 |
|
|
|a xviii, 105 p. :
|b ill.
|
| 490 |
1 |
|
|a World Bank working paper ;
|v no. 69
|
| 504 |
|
|
|a Includes bibliographical references.
|
| 533 |
|
|
|a Electronic reproduction. Ann Arbor, MI : ProQuest, 2015. Available via World Wide Web. Access may be limited to ProQuest affiliated libraries.
|
| 650 |
|
0 |
|a Water resources development
|z Kenya.
|
| 650 |
|
0 |
|a Water-supply
|z Kenya
|x Management.
|
| 650 |
|
0 |
|a Climatic changes
|x Economic aspects
|z Kenya.
|
| 655 |
|
4 |
|a Electronic books.
|
| 700 |
1 |
|
|a Mogaka, H.
|q (Hezron)
|
| 710 |
2 |
|
|a ProQuest (Firm)
|
| 830 |
|
0 |
|a World Bank working paper ;
|v no. 69.
|
| 856 |
4 |
0 |
|u https://ebookcentral.proquest.com/lib/matrademy/detail.action?docID=459599
|z Click to View
|